• 首页
  • 本馆介绍
  • 公告通知
  • 最新文献
  • 馆藏检索
  • 电子资源
  • 读者导购
  • 参考咨询
  • 我的图书馆
  • 登录
  • 详细信息显示
  • 放入我的书架
  • 预约/预借图书
  • 作者相关作品
  • 分类相关作品
  • 丛书相关作品
  • 出版社相关作品

书目信息

  • 表格格式
  • 工作单格式
  • 卡片格式
题名:
民族盛典
    
 
作者: 刘文英 编著
分册:  
出版信息: 北京   现代出版社  2014.11
页数: 1册
开本: 24cm
丛书名: 中华精神家园丛书
单 册:
中图分类: K892.1
科图分类:
主题词: 少数民族--Shao Shu Min Zu--民族节日--介绍--中国
电子资源:
ISBN: 978-7-5143-2560-7
000 01020nam0 22002531 450
001 350517
005 20161013164654.29
010    @a978-7-5143-2560-7@dCNY29.80
100    @a20141116d2014 em y0chiy0110 ea
101 0  @achi
102    @aCN@b110000
105    @ay z 000yy
106    @ar
200 1  @a民族盛典@AMin Zu Sheng Dian@f刘文英编著
210    @a北京@c现代出版社@d2014.11
215    @a1册@d24cm
225 2  @a中华精神家园丛书@AZhong Hua Jing Shen Jia Yuan Cong Shu
330    @a本书主要指少数民族节日与内涵。包括那达慕 泼水节 刀杆节 火把节 三月街 扎勒特 酥油花灯节 月亮节 尝新节 花山节 雪顿节 开斋节 古尔邦节,其中图文并茂,图解图注,形象直观,赏心悦目,彩色制作,丰富多彩,设计精美,格调高雅,非常适合广大读者阅读和珍藏,也非常适合各级图书馆装备和陈列。
461  0 @12001 @a中华精神家园丛书
606 0  @a少数民族@AShao Shu Min Zu@x民族节日@x介绍@y中国
690    @aK892.1@v5
701  0 @a刘文英@ALiu Wen Ying@4编著
801  0 @aCN@bTANGWEI@c20160804
905    @b0890430-4@dK892.1@e214@f5
    
    民族盛典/刘文英编著.-北京:现代出版社,2014.11
    1册;24cm.-(中华精神家园丛书)
    
    
    ISBN 978-7-5143-2560-7:CNY29.80
    本书主要指少数民族节日与内涵。包括那达慕 泼水节 刀杆节 火把节 三月街 扎勒特 酥油花灯节 月亮节 尝新节 花山节 雪顿节 开斋节 古尔邦节,其中图文并茂,图解图注,形象直观,赏心悦目,彩色制作,丰富多彩,设计精美,格调高雅,非常适合广大读者阅读和珍藏,也非常适合各级图书馆装备和陈列。
●
相关链接 在E读中查询图书 在五车中查询图书 在当当中查询图书 在豆瓣中查询图书


正题名:民族盛典     索取号:K892.1/214         预约/预借

序号 登录号 条形码 馆藏地/架位号 状态 备注
1 0890430   208904300   第二样本阅览室/ [索取号:K892.1/214] 在馆    
2 0890431   208904319   第二借阅区/ [索取号:K892.1/214] 在馆    
3 0890432   208904328   第二借阅区/ [索取号:K892.1/214] 在馆    
4 0890433   208904337   第二借阅区/ [索取号:K892.1/214] 在馆    
5 0890434   208904346   第二借阅区/ [索取号:K892.1/214] 在馆    
唐山师范学院图书馆 欢迎您!
大连网信软件有限公司© 版权所有